| 000 | 00773nas a2200241Ia 4500 | ||
|---|---|---|---|
| 001 | R111/44664 | ||
| 003 | IT-RoPAU | ||
| 008 | 151124c99999999xx |||||||||||| ||und|| | ||
| 040 | _aIT-RoPAU | ||
| 040 | _cIT-RoPAU | ||
| 041 | _aITALIANO | ||
| 100 |
_aKrum Ermanno _gCodice Aut. SPICS: 30326 |
||
| 210 | _aCOMUNICAZIONE DI MASSA (SUGARCO) | ||
| 222 | _aComunicazione Di Massa (Sugarco) | ||
| 245 |
_aCOMUNICAZIONE DI MASSA (SUGARCO), ANNO 02-VOL.2 (1981) _bChe Cos'E' L'Otipi |
||
| 250 | _a1a ed. | ||
| 260 |
_aMILANO _bSUGARCO _c1981 |
||
| 501 |
_bPaulus - SPICS - Società San Paolo EM (non-commercial uses only) _cCopyright2015 |
||
| 300 | _a5 p. [85-89] | ||
| 362 | _aANNO 002, VOL.2 (1981) | ||
| 650 |
_aCOMUNICAZIONE _vPUBBLICAZIONE PERIODICA |
||
| 942 | _cCR | ||
| 999 |
_c112812 _d112812 |
||